<?xml version="1.0" encoding="UTF-8"?>
<record
    xmlns:xsi="http://www.w3.org/2001/XMLSchema-instance"
    xsi:schemaLocation="http://www.loc.gov/MARC21/slim http://www.loc.gov/standards/marcxml/schema/MARC21slim.xsd"
    xmlns="http://www.loc.gov/MARC21/slim">

  <leader>00821nam a22002057a 4500</leader>
  <controlfield tag="001">86221</controlfield>
  <controlfield tag="003">BD-RjUL</controlfield>
  <controlfield tag="005">20260226100424.0</controlfield>
  <controlfield tag="008">260226s1893    ii ||||| |||| 00| 0 urd d</controlfield>
  <datafield tag="035" ind1=" " ind2=" ">
    <subfield code="a">(BD-RjUL)86221</subfield>
  </datafield>
  <datafield tag="040" ind1=" " ind2=" ">
    <subfield code="a">BD-RjUL</subfield>
    <subfield code="b">eng</subfield>
    <subfield code="c">BD-RjUL</subfield>
  </datafield>
  <datafield tag="041" ind1=" " ind2=" ">
    <subfield code="a">urd</subfield>
  </datafield>
  <datafield tag="082" ind1=" " ind2=" ">
    <subfield code="2">23</subfield>
    <subfield code="a">297..092</subfield>
    <subfield code="b">NUS 195?</subfield>
  </datafield>
  <datafield tag="100" ind1=" " ind2=" ">
    <subfield code="a">&#x646;&#x639;&#x645;&#x627;&#x646;&#x649;., &#x634;&#x628;&#x644;&#x649;  Nu&#x2BB;m&#x101;n&#x12B;., Shibl&#x12B;</subfield>
    <subfield code="d">1857-1914 </subfield>
    <subfield code="9">17806</subfield>
  </datafield>
  <datafield tag="245" ind1=" " ind2=" ">
    <subfield code="a">&#x633;&#x649;&#x631;&#x6C3; &#x627;&#x644;&#x646;&#x639;&#x645;&#x627;&#x646; : &#x649;&#x639;&#x646;&#x649; &#x627;&#x645;&#x627;&#x645; &#x627;&#x639;&#x638;&#x645; &#x627;&#x628;&#x648; &#x62D;&#x646;&#x649;&#x641;&#x6C1; &#x639;&#x644;&#x6CC;&#x6C1; &#x631;&#x62D;&#x645;&#x6C3; &#x6A9;&#x649; &#x633;&#x648;&#x627;&#x646;&#x62D; &#x639;&#x645;&#x631;&#x649; / S&#x12B;rat al-Nu'm&#x101;n : ya&#x2BB;n&#x12B; Im&#x101;m A&#x2BB;z&#x324;am Ab&#x16B; &#x1E24;an&#x12B;fah &#x2BB;alaih ra&#x1E25;matah k&#x12B; sav&#x101;ni&#x1E25; &#x2BB;umr&#x12B; /</subfield>
    <subfield code="c">  &#x645;&#x648;&#x644;&#x627;&#x646;&#x627; &#x634;&#x628;&#x644;&#x6CC; &#x646;&#x639;&#x645;&#x627;&#x646;&#x649;.Shibl&#x12B; Nu&#x2BB;m&#x101;n&#x12B;., </subfield>
  </datafield>
  <datafield tag="260" ind1=" " ind2=" ">
    <subfield code="a">Lahore :</subfield>
    <subfield code="c">195??</subfield>
  </datafield>
  <datafield tag="300" ind1=" " ind2=" ">
    <subfield code="a">398 p. ;</subfield>
    <subfield code="c">17 cm</subfield>
  </datafield>
  <datafield tag="650" ind1=" " ind2=" ">
    <subfield code="a">&#x641;&#x642;&#x6C1; &#x627;&#x633;&#x644;&#x627;&#x645;&#x6CC; (&#x62D;&#x646;&#x641;&#x6CC;)</subfield>
    <subfield code="9">17807</subfield>
  </datafield>
  <datafield tag="942" ind1=" " ind2=" ">
    <subfield code="2">ddc</subfield>
    <subfield code="c">BK</subfield>
  </datafield>
  <datafield tag="999" ind1=" " ind2=" ">
    <subfield code="c">86221</subfield>
    <subfield code="d">86221</subfield>
  </datafield>
  <datafield tag="952" ind1=" " ind2=" ">
    <subfield code="0">0</subfield>
    <subfield code="1">0</subfield>
    <subfield code="2">ddc</subfield>
    <subfield code="4">0</subfield>
    <subfield code="7">1</subfield>
    <subfield code="8">NFIC</subfield>
    <subfield code="a">RUCL</subfield>
    <subfield code="b">RUCL</subfield>
    <subfield code="c">Reading</subfield>
    <subfield code="d">2026-02-26</subfield>
    <subfield code="o">U 297.382 NUS 195?</subfield>
    <subfield code="r">2026-02-26 00:00:00</subfield>
    <subfield code="t">C-1</subfield>
    <subfield code="y">BK</subfield>
  </datafield>
</record>
